000 00807nam a2200241 i 4500
001 C2-0335513
003 PPAK
005 20180728134916.0
008 160119s1978 si |||| ||||| | eng d
040 _aPPAK
_beng
_cPPAK
_erda
082 0 4 _a959.8072044
_223
090 0 0 _a959.8072044
_bPEL
_dKK
100 1 _aPelras, Christian,
_eauthor
245 1 0 _aIndonesian studies in France : ; Malaya-Indonesian studies in France.
_bretrospect, situation and prospects.
264 1 _aSingapore :
_bCultural Service, French Embassy ,
_c1978
300 _a14 pages ;
_c21 cm
336 _2rdacontent
_atext
337 _2rdamedia
_aunmediated
338 _2rdacarrier
_avolume
500 _aCover title: Malaya-Indonesian studies in France.
650 1 0 _aMalaya-Indonesian studies in France.
942 _ddc
_cB
999 _c133676
_d133676